000 00685nam a2200241 i 4500
001 bg
100 1 _aSidorowicz, Józef.
245 1 0 _aMatematyka.
_nT. 1 /
_cJózef Sidorowicz.
260 _aKoszalin :
_bWydawnictwo Uczelniane Wyższej Szkoły Inżynierskiej,
_c1997.
300 _a458 s. :
_brys., wykr. ;
_c23 cm.
504 _aIndeks.
521 _aWykłady dla studentów wydziałów technicznych.
650 9 _aMatematyka
655 _aPodręczniki akademickie
020 _a8386123583 (t. 1)
040 _cBPK
041 0 _apol
080 _a51
080 _a(075.8)
920 _a83-86123-58-3 (t. 1)
942 _cKS
008 s pl f |000 0 pol
999 _c31878
_d31878
856 _uhttp://koha.tu.koszalin.pl/cgi-bin/koha/opac-detail.pl?biblionumber=31878
_yKatalog online BPK